000 00349nam a2200145Ia 4500
008 230917s9999||||xx |||||||||||||| ||und||
040 _e122012
_aMAIN
041 _aEnglish
082 _a647.94 K156H
100 _aKathuria, Anil
245 0 _aHotel industry
260 _aNew Delhi
_bSonali Publications
_c2008
300 _a297 p.
942 _cBK
999 _c146733
_d146733